| Поле | Название | Значение |
| |
Тип записи |
a |
| |
Библиографический уровень |
m |
| 001 |
Контрольный номер |
RU\infra-m\znanium\bibl\2226292 |
| 005 |
Дата корректировки |
20260429142111.3 |
| 008 |
Кодируемые данные |
250915s2025 RU g rus u |
| 020 |
Индекс ISBN |
__ |
| a |
ISBN |
978-5-9729-2256-7 |
| 040 |
Источник каталогиз. |
__ |
| a |
Служба первич. каталог. |
Общество с ограниченной ответственностью «ЗНАНИУМ» |
| 041 |
Код языка издания |
__ |
| a |
Код языка текста |
rus |
| 044 |
Код страны публикации |
__ |
| a |
Код страны публикации |
RU |
| 080 |
Индекс УДК |
__ |
| a |
Индекс УДК |
631 |
| 084 |
Индекс другой классификации/Индекс ББК |
__ |
| 2 |
Источник индекса |
rubbk |
| a |
Индекс другой классификации/Индекс ББК |
40 |
| 084 |
Индекс другой классификации/Индекс ББК |
__ |
| 2 |
Источник индекса |
okso |
| a |
Индекс другой классификации/Индекс ББК |
35.03.04 |
| 084 |
Индекс другой классификации/Индекс ББК |
__ |
| 2 |
Источник индекса |
okso |
| a |
Индекс другой классификации/Индекс ББК |
35.04.04 |
| 100 |
Автор |
__ |
| a |
Автор |
Уткин А.А. |
| q |
Полное имя |
Уткин Алексей Анатольевич |
| u |
Дополнение |
Российский государственный аграрный университет - МСХА им. К.А. Тимирязева |
| 245 |
Заглавие |
__ |
| a |
Заглавие |
Эффективное применение удобрений в сельском хозяйстве |
| b |
Продолж. заглавия |
Учебное пособие |
| c |
Ответственность |
Российский государственный аграрный университет - МСХА им. К.А. Тимирязева |
| 250 |
Сведения об издании |
__ |
| a |
Основные сведения об издании |
1 |
| 260 |
Выходные данные |
__ |
| a |
Место издания |
Вологда |
| b |
Издательство |
Инфра-Инженерия |
| c |
Дата издания |
2025 |
| 300 |
Физическое описание |
__ |
| a |
Объем |
156 с. |
| 520 |
Аннотация |
__ |
| a |
Аннотация |
Представлены общие сведения об основных видах минеральных (азотные фосфорные калийные комплексные и микроудобрения) и органических удобрений современном состоянии и перспективах производства и применения удобрений в России выпускаемом ассортименте классификации удобрений технологиях производства и предъявляемых к удобрениям требованиях особенностях эффективного применения процессах химического взаимодействия минеральных удобрений с почвой влиянии удобрений на культурные растения и свойства почвы мероприятиях по предотвращению негативного воздействия на природную среду и технике безопасности при работе с удобрениями. Для студентов вузов обучающихся по направлениям подготовки 35.03.03 «Агрохимия и агропочвоведение» и 35.03.04 «Агрономия». Может быть использовано студентами-магистрантами и аспирантами других направлений подготовки для повышения качества образования при изучении учебных дисциплин: «Агрохимия» и «Система применения удобрений». |
| 521 |
Примеч. о цел. назн. |
__ |
| a |
Примеч. о целев. назн. |
ВО - Бакалавриат |
| 650 |
Тематические рубрики |
__ |
| a |
Основная рубрика |
Сельское хозяйство |
| x |
Основная подрубрика |
Почвоведение |
| 655 |
Указ. предметных рубрик (устаревшее) |
__ |
| a |
Жанр/ форма (устаревшее) |
Учебное пособие |
| 856 |
Электронный адрес документа |
4_ |
| a |
Имя сервера/домена |
znanium.ru |
| m |
Помощь |
ebs_support@infra-m.ru |
| n |
Местонахождение сервера |
НИЦ ИНФРА-М |
| u |
URL |
https://znanium.ru/catalog/document?id=469827 |
| 856 |
Электронный адрес документа |
48 |
| a |
Имя сервера/домена |
znanium.ru |
| d |
Путь |
/cover/2226 |
| f |
Электронное имя |
2226292.jpg |
| q |
Тип электронного формата |
image/jpeg |
| u |
URL |
https://znanium.ru/cover/2226/2226292.jpg |
| 911 |
|
__ |
| u |
|
0030=https://znanium.ru/catalog/document?id=469827 |